00855nam a2200253 4500003000400000005001700004008004100021040001800062050001400080100003000094245009600124250001800220264003400238300003300272336002200305337002400327338002400351500003600375650001600411650002500427650002600452700005700478700006600535OSt20260530113842.0260417b1944 xxua|||| |||| 00| 0 eng d aICIbspacICI a N70bK451 a Kepes, Gyorgyd906-2001,10aLanguage of visioncGyorgy Kepes ; with introductory essays by S. Giedion and S.I. Hayakawa aFirst edition 1bPaul Theobaldc1944a Chicago a228 páginasbilustraciones atexto2rdacontent asin medio2rdamedia avolumen2rdacarrier aReimpresiones: (1948) -- (1961) 4aPerspectiva 4aArte |x Psicología 4aPercepción espacial 1aGiedion, S. |q (Sigfried)d 1888-1968,q prologuista 1aHayakawa, S. I. |q (Samuel Ichiyé)d1906-1992,eprologuista